000 01615nam a2200301 a 4500
001 BRCA_2387
005 20190320203802.0
008 101108s1928----sp-#---###---#000-0#spa-u
041 _aspa
044 _asp
084 _a028
_b.M67
_c1928 F1615
100 1 _aCervantes Saavedra, Miguel de
_d1547-1616
_9213
245 1 0 _aSegunda parte del Ingenioso Caballero Don Quixote de la Mancha
_cpor Miguel de Cervantes Saavedra, autor de su primera parte.
260 _aBarcelona
_bMontaner y Simón
_c1928
300 _a1 v. (en varias paginaciones)
_c24 cm.
500 _aContenido : Tasa. Fe de erratas. Aprobación de Gutierre de Cetina. Aprobación de M. Joseph de Valdivieso. Aprovación de Márquez Torres. Privilegio. Prólogo del autor. Dedicatoria del autor al Conde de Lemos. Texto
500 _aFacsímil de : Segunda parte del ingenioso cavallero Don Quixote de la Mancha. Madrid: Juan de la Cuesta, 1615
500 _aFacsímile de la segunda parte de la edición príncipe, publicado en Barcelona, por Montaner y Simón, el año de 1928. Ejemplar encuadernado en tela verde, adornado con escudo dorado de la edición príncipe en la tapa y letras doradas también Lúdovik Osterc
500 _aExistencias : Complementa al LO-016
500 _aQMR119 (?)
650 1 4 _aNovela española
_yÉpoca clásica, 1500-1700
_9215
650 1 4 _aLiteratura española
_yÉpoca clásica, 1500-1700
_9216
650 1 4 _aNovela española
_ySiglo XVII
_9217
650 1 4 _aDon Quijote (Personaje ficticio)
_eNovela
_9218
740 0 _aEl Ingenioso Hidalgo Don Quijote de la Mancha
902 _aQFM
942 _2lcc
_cB
999 _c2128
_d2128